Statistics for Australia Hall of Fame Sporting Moments

Click here to take the quiz!

General Stats

  • This quiz has been taken 32 times
    (7 since last reset)
  • The average score is 11 of 19

Answer Stats

YearGreat Sporting MomentAnswer% Correct
1930Race horse considered a "battlers hero" gallops home to win the Melbourne CupPhar Lap
100%
2000Meets the expectations of the entire nation by winning the 400m gold medal at the Sydney Olympic GamesCathy Freeman
86%
1993Bowls the ball of the century to dismiss Mike Gatting in an Ashes test match at Old TraffordShane Warne
86%
2002Claims Australia's first-ever Winter Olympics gold medal with victory in the 1000 metres short-track speed skating final in Salt Lake CitySteven Bradbury
86%
2000Swims down the USA's Gary Hall Jnr in the final metres of the final leg of the 4x100m freestyle relay to win gold at the Sydney Olympic Games with teammates Klim, Fydler and CallusIan Thorpe
71%
2005Slots the decisive penalty against Uruguay to fire the Socceroos into the 2006 World Cup finalsJohn Aloisi
71%
2005Takes a mark on the siren to win the 2005 AFL Grand Final for the Sydney SwansLeo Barry
71%
1964Australia's golden girl of the track wins gold in the 400m at the Tokyo Olympic GamesBetty Cuthbert
57%
2011Overhauls a 57 second deficit going into the final time trial to become the first Australian to win the Tour de FranceCadel Evans
57%
1964Australia's golden girl of the pool wins her third consecutive Olympic 100m freestyle title at the Tokyo Olympic GamesDawn Fraser
57%
1983Skippers Australia II to win yachting's America's CupJohn Bertrand
57%
1956Runner stops to help a fallen opponent to their feet before going on to win the mile raceJohn Landy
57%
1996Against the odds, wins gold in the 1500m freestyle at the Atlanta Olympic GamesKieren Perkins
57%
1993IOC president announces "The winner is ... Sydney" as host of the 2000 Olympic GamesJuan Antonio Samaranch
43%
2015Riding 100-1 outsider Prince of Penzance, becomes the first female jockey to win the Melbourne CupMichelle Payne
43%
2000Australia score in the final second to beat the USA 4-3 and claim an Olympic gold medal (name the sport)Women's Water Polo
43%
2002Melbourne Cup winning jockey of Media Puzzle pays an emotional tribute to his brother who died the week before in a racing fallDamien Oliver
29%
1968200m Olympic silver medalist supports the gold and bronze medal winning black American sprinters as they deliver a black power salute during the medal presentationPeter Norman
29%
2006Wins the Melbourne Commonwealth Games Women's MarathonKerryn McCann
14%

Score Distribution

Percentile by Number Answered

Percent of People with Each Score

Your Score History

You have not taken this quiz since the last reset